Countries Containing a H-Speed Round Quiz Stats

 Plays Quiz not verified by Sporcle

Challenge
Share
Tweet
Embed
Score 0/28 Timer 01:30
0 Plays Today
% Correct
Honduras
99.7%
Haiti
98.8%
Hungary
95.2%
China
94%
Afghanistan
93.5%
Chile
93.2%
Kazakhstan
92.3%
South Africa
92.3%
South Korea
91.1%
Bahrain
90.8%
Chad
90.8%
Thailand
90.2%
Bangladesh
89.6%
Ghana
89%
% Correct
South Sudan
89%
North Korea
88.1%
Bhutan
87.2%
Ethiopia
87.2%
Philippines
86.6%
Bahamas
86.3%
Liechtenstein
86.3%
Marshall Islands
86%
Bosnia and Herzegovina
84.8%
Lesotho
84.5%
Seychelles
84.5%
Netherlands
83.6%
Czech Republic
82.4%
Lithuania
80.4%

You're not logged in!

Compare scores with friends on all Sporcle quizzes.
Join for Free
OR
Log In

You Might Also Like...

Show Comments

Extras

Created Jun 1, 2012ReportNominate
Tags:Country Quiz, round

Top Quizzes Today


Score Distribution

Your Account Isn't Verified!

In order to create a playlist on Sporcle, you need to verify the email address you used during registration. Go to your Sporcle Settings to finish the process.

Report this User

Report this user for behavior that violates our Community Guidelines.

Details: